The Boston tea party / (Record no. 2737)

MARC details
000 -LEADER
fixed length control field 00852pam a2200253 a 4500
005 - DATE AND TIME OF LATEST TRANSACTION
control field 20241218101059.0
020 ## - INTERNATIONAL STANDARD BOOK NUMBER
International Standard Book Number 9780516262857
040 ## - CATALOGING SOURCE
Original cataloging agency DLC
Transcribing agency DLC
Modifying agency DLC
Language of cataloging eng
050 00 - LIBRARY OF CONGRESS CALL NUMBER
Classification number E215.S84
Item number 1996
082 00 - DEWEY DECIMAL CLASSIFICATION NUMBER
Classification number 973.3
100 1# - MAIN ENTRY--PERSONAL NAME
Personal name Stein, R. Conrad
245 14 - TITLE STATEMENT
Title The Boston tea party /
Statement of responsibility, etc. Stein, R. Conard
260 ## - PUBLICATION, DISTRIBUTION, ETC.
Place of publication, distribution, etc. New York :
Name of publisher, distributor, etc. Children's Press,
Date of publication, distribution, etc. 1996 .
300 ## - PHYSICAL DESCRIPTION
Extent 30 pages :
Other physical details color illustrations ;
Dimensions 25 cm.
505 ## - FORMATTED CONTENTS NOTE
Formatted contents note Z <br/>
520 ## - SUMMARY, ETC.
Summary, etc. Dramatic and defining moments in American history come vividly the life in the Cornerstones of Freedom series.
521 ## - TARGET AUDIENCE NOTE
Target audience note 930 <br/>
Source Lexile <br/>
521 ## - TARGET AUDIENCE NOTE
Target audience note Z <br/>
Source Raz-Plus <br/>
650 #0 - SUBJECT ADDED ENTRY--TOPICAL TERM
Topical term or geographic name entry element Boston Tea Party, Boston, Mass., 1773
Form subdivision Juvenile literature.
650 #1 - SUBJECT ADDED ENTRY--TOPICAL TERM
Topical term or geographic name entry element Boston Tea Party, Boston, Mass., 1773.
906 ## - LOCAL DATA ELEMENT F, LDF (RLIN)
a 7
b cbc
c orignew
d 1
e ocip
f 19
g y-gencatlg
942 ## - ADDED ENTRY ELEMENTS (KOHA)
Source of classification or shelving scheme Dewey Decimal Classification
Koha item type Books
Suppress in OPAC No
999 ## -
-- 2737
-- 2737
Holdings
Withdrawn status Lost status Source of classification or shelving scheme Damaged status Not for loan Collection Home library Current library Shelving location Date acquired Total Checkouts Full call number Barcode Date last seen Copy number Price effective from Koha item type
    Library of Congress Classification     Non-Fiction Footprints International School Library Network Toul Kork Campus Footprints International School Library Network Toul Kork Campus TTP Secondary Non-Fiction Bookshelves 01/11/2024   STE 973.3 E215.S84 FISTK04825 01/11/2024 1 01/11/2024 Books
    Library of Congress Classification     Non-Fiction Footprints International School Library Network Toul Kork Campus Footprints International School Library Network Toul Kork Campus TTP Secondary Non-Fiction Bookshelves 01/11/2024   STE 973.3 E215.S84 FISSE00876 10/31/2024 2 01/11/2024 Books
    Library of Congress Classification     Non-Fiction Footprints International School Library Network Toul Kork Campus Footprints International School Library Network Toul Kork Campus TTP Secondary Non-Fiction Bookshelves 01/11/2024   STE 973.3 E215.S84 FISSE01679 12/17/2024 3 01/11/2024 Books